the rookie characters - Statistics

General Stats
  • This quiz has been taken 112 times
    83 since last reset
  • The average score is 32 of 105
Answer Stats
Answer % Correct
Angela Lopez
98%
John Nolan
98%
Lucy Chen
98%
Nyla Harper
97%
Tim Bradford
97%
Wade Grey
92%
Jackson West
86%
Wesley Evers
86%
Isabel Bradford
83%
Luna Grey
83%
Bailey Nune
81%
Henry Nolan
81%
Pete Nolan
81%
Dominique Grey
76%
Gennifer Bradford
75%
Mario Lopez
73%
Talia Bishop
73%
Celina Juarez
71%
Miles Penn
69%
Percy West
69%
Sarah Nolan
69%
Evelyn Nolan
68%
James Murray
68%
Patrice Evers
64%
Aaron Thorsen
59%
Monica Stevens
59%
Oscar Hutchinson
56%
Elijah Stone
53%
Quigley Smitty
51%
Seth Ridley
49%
Zoe Anderson
46%
Roslind Dyer
42%
Tamara Colins
41%
Skip Tracer Randy
36%
Jessica Russo
34%
Nick Armstrong
32%
Grace Sawyer
31%
Sandra De La Cruz
31%
Chris Sanford
29%
Lila Town
29%
Matthew Garza
29%
Donovan Town
27%
Rachel Hall
27%
Blair London
25%
Kojo
25%
Liam Glasser
25%
Rodge
25%
Sean Del Monte
25%
Simone Clark
25%
Jason Wyler
24%
Caleb Wright
22%
Ashley McGrady
20%
Doug Stanton
19%
Ellroy Basso
17%
Jack Evers
15%
Elijah Vestri
14%
Fiona Ryan
14%
Leah Murray
14%
Abigail Tierney
12%
Ben Mcree
12%
Emmet Lang
12%
Jerry McGrady
12%
Chastity Sneed
10%
Emmy Evers
10%
Katie Barnes
10%
Kevin Wolfe
10%
Nell Forester
10%
Abril Rodas
8%
Jake Butler
8%
Jan Janssen
8%
Sava Wu
8%
Sterling Freeman
8%
Tom Bradford
8%
Charlie Bristow
7%
Nurse Lisa
7%
Lance Bass
5%
Detective Graham
3%
Harrison Novak
3%
Larry Mear
3%
Matt Dominiques
3%
Silas March
3%
Tyler Bradford
3%
Chris Rios
2%
Corey Harris
2%
Dr. Morgan
2%
Elena Ruiz
2%
Luke Bryan
2%
Vanessa Chen
2%
Austin Bradford
0%
Christian Lobo
0%
Conner Craig
0%
Elena Florez
0%
Eric Weddle
0%
Frank Ochoa
0%
Judge Paloma
0%
Katy Perry
0%
Kelly Clarkson
0%
Kevin Kelvin
0%
Lionel Richie
0%
Lukas Wegner
0%
Mark Cuban
0%
Monica Ochoa
0%
Robert woods
0%
Ryan Seacrest
0%
Will.I.am
0%
No matching quizzes found
Score Distribution
Percent of People with Each Score
Percentile by Number Answered
Your Score History
You have not taken this quiz since the last reset